000 01084nam2a2200241 4500
001 RU\NLR\BIBL_A\022306594
005 20240920105811.0
010 _a978-5-17-164743-8
_97000
021 _aRU
_bКН-П-24-040863
_9КН-П-24-4045
035 _a(NLR Aleph) 022306594
090 _a13249163
_c13249163
100 _a20240823d2024 u y0rusy50 ca
101 1 _arus
_ckor
102 _aRU
105 _ao z 000ay
200 0 _aКн. 2
_fперевод с корейского Дарьи Ситниковой
210 _d2024
215 _a413, [2] с.
_cил.
461 0 _1001RU\NLR\BIBL_A\022070878
_12001#$aНесомненно счастливый конец$eроман$fФлада$gперевод с корейского Теоны Гогичаишвили$vКн. 2
_1700#0$aФлада$3RU\NLR\AUTH\770262950
_912658960
_aФлада
_cМосква
_d2023
_fФлада
_nАСТ
_oроман
_tНесомненно счастливый конец
_vКн. 2
702 1 _aСитникова
_bД.
_gДарья
_4730
942 _cBOOK
980 _aNB